000 01111 am a22003498a 4500
999 _c28576
_d28547
001 ocn191752398
003 EG-ScBUE
005 20200823131039.0
008 080122s2008 enkb f b 001 0 eng d
020 _a9780199535958 (pbk.)
020 _a0199535957 (pbk.)
029 1 _aAU@
_b000043619530
035 _a(OCoLC)ocn191752398
040 _aUKM
_beng
_erda
_cUKM
_dBTCTA
_dBAKER
_dYDXCP
_dBNT
_dEG-ScBUE
041 1 _aeng
_hara
082 0 4 _a297.122521
_bQUR
_222
130 0 _aQurʼan.
_lEnglish
245 1 4 _aThe Qur'an /
_ca new translation by M.A.S. Abdel Haleem.
264 1 _aOxford ;
_aNew York :
_bOxford University Press,
_c2010.
300 _axli, 464 pages :
_bmaps ;
_c20 cm.
336 _2rdacontent
_atext
_btxt
337 _2rdamedia
_aunmediated
_bn
338 _2rdacarrier
_avolume
_bnc
490 0 _aOxford world's classics
504 _aIncludes bibliographical references and index.
546 _aTranslated from the Arabic.
630 0 7 _aQurʼan.
653 _bGGEN
_cJuly2020
655 _vReading book
_934232
700 1 _aAbdel Haleem, M. A.,
_etranslator.
942 _2ddc
_cBB